Statistics for Just Dance 2021

Click here to take the quiz!

General Stats

  • This quiz has been taken 3 times
  • The average score is 22 of 41

Answer Stats

artistsong% Correct
Tones and iDance Monkey
100%
LizzoJuice
100%
Lady Gaga and Ariana GrandeRain on Me
100%
Shawn Mendes and Camila CabelloSenorita
100%
Harry StylesAdore you
50%
Jerome FrancisAlexandrie Alexandra
50%
Billie EilishAll the good girls go to hell
50%
Paradiso ft. dj patrick samoyBailando
50%
The WeekndBlinding lights
50%
Alex NewellBoy you can Keep it
50%
GTA and Jenn MorelBuscando
50%
DJ Fresh vs Jay fay,ms DynamiteDibby Dibby sound
50%
Dua LipaDon't start now
50%
TWICEFeel Special
50%
Tiggs da AuthorGeorgia
50%
Paul JohnsonGet Get Down
50%
Blackpink and selena gomezIce Cream
50%
the village peoplein the navy
50%
Black CatsJoone Khodet
50%
NCT 127Kick it
50%
Tono Rosariokulikitaka
50%
ApasheLacrimosa
50%
The Just dance BandPaca Dance
50%
Daddy YankeeQue Tire pa Lante
50%
Selena GomezRare
50%
GalantisRunaway (U & I)
50%
Ultraclub ( Bellini)Samba de Janeiro
50%
Doja CatSay So
50%
Sean PaulTemperature
50%
SZA and Justin TimberlakeThe otherside
50%
Michael Graythe weekend
50%
The Girly |Team ( Britney Spears)Till the world ends
50%
Little biguno
50%
Lele Pons with susan diaz and Victor cardenasVolar
50%
EminemWithout me
50%
Dj AbsiYameen Yasar
50%
J Balvin and Bad BunnyYo le Llego
50%
Toy storyYou've got a friend in me
50%
OnukaZenit
50%
DreamersHeart Seeker
0%
DJ SnakeMagneta Riddim
0%

Score Distribution

Percentile by Number Answered

Percent of People with Each Score

Your Score History

You have not taken this quiz